Granada /

Guardado en:
Bibliografiske detaljer
Hovedforfatter: Arlt, Roberto (autor)
Format: Bog
Sprog:spansk
Udgivet: Madrid, España : Casimiro, 2021, c2021
Fag:
Tags: Tilføj Tag
Ingen Tags, Vær først til at tagge denne postø!

MARC

LEADER 00000nam^a2200000^a^4500
001 000450904
005 20250521000000.0
009 20260310123758.983
020 |a 978-84-17930-42-4 
037 |a Acervo ITESO - Biblioteca 
041 |a ESP 
082 |a 860. 92  |b ARL 
100 |a Arlt, Roberto  |e (autor) 
245 1 3 |a Granada /  |c R. Arlt. 
264 4 |a Madrid, España :  |b Casimiro,  |c 2021, c2021 
300 |a 101 p. 
336 |a texto  |b txt  |2 rdacontenido 
337 |a sin mediación  |b n  |2 rdamedio 
338 |a volumen  |b nc  |2 rdasoporte 
521 |a FIL 2021 DIA 
545 0 |a Roberto Arlt, escritor argentino nacido en 1900, inició su obra con la aparición de El juguete rabioso (1926) y posteriormente empezó a colaborar en publicaciones bonaerenses. Amigo de Ricardo Güiraldes, Arlt presenta en los albores de la década de 1930 la novela Los lanzallamas y a ella le sigue Los siete locos (1931). Publica en 1933 una serie de crónicas tituladas Aguafuertes porteñas, aparecidas en el diario El Mundo, y el volumen de cuentos El jorobadito. A partir de ese momento se dedica con intensidad a la dramaturgia (La isla desierta, 1938) y muere tempranamente en 1942. 
649 |a XX 
650 |a Escritores Argentinos -  |x Memorias 
650 |a Memorias Argentinas 
650 |a Libros de Viajes Argentinos 
650 |a Libros de Viajes -  |z Granada, España 
650 |a Literatura Argentina -  |y Siglo XX 
650 |a Granada, España en la Literatura 
650 |a Granada, España -  |x Tema Principal 
650 |a Arlt, Roberto 
910 |a Fondo General 
920 |a Impresos - Libros 
930 |a Colección General 
940 |a Literatura 
905 |a 101 
901 |a 0500356828  |b IT1  |c LIT  |i C176968  |u 20250521 
902 |a https://opac.biblio.iteso.mx/vufind/Record/000450904